[Event "GLT-2010"]
[Site "http://www.queenalice.com/game.php?id=850896"]
[Date "2010.10.26"]
[Round "-"]
[White "Atto"]
[Black "naerciof"]
[Result "1-0"]
[WhiteElo "1104"]
[BlackElo "1144"]

1. e4 Nc6 2. Nf3 Nb4 3. Nc3 a5 4. d4 d6 5. Bc4 Nf6 6. Qe2 Ra6 7. Bxa6 bxa6 8.
Bf4 Nh5 9. Bg5 g6 10. Rd1 f6 11. Be3 e5 12. dxe5 fxe5 13. Nxe5 dxe5 14. Rxd8+
Kxd8 15. Qd2+ Bd7 16. Nd5 Nxd5 17. Qxd5 Bb4+ 18. c3 Bd6 19. Qa8+ Bc8 20. Qd5 Nf6
21. Qxa5 Nxe4 22. f3 Rf8 23. Qa4 Bd7 24. Qxe4 Bf5 25. Qa8+ Bc8 26. Ke2 e4 27.
Qxe4 Bf5 28. Bg5+ Kc8 29. Qa8+ Kd7 30. Qxa6 Re8+ 31. Kf2 Bd3 32. Qa4+ c6 33.
Qa7+ Ke6 34. Qe3+ 1-0

[Event "GLT-12010"]
[Site "http://www.queenalice.com/game.php?id=851234"]
[Date "2010.10.27"]
[Round "-"]
[White "vininetto"]
[Black "naerciof"]
[Result "1-0"]
[WhiteElo "1963"]
[BlackElo "1247"]

1. e4 Nf6 2. e5 Nd5 3. c4 Nf4 4. d4 e6 5. Bxf4 c5 6. d5 d6 7. dxe6 Bxe6 8. exd6
Qa5+ 9. Nc3 Bf5 10. Qd5 Bc2 11. Qxb7 Qd8 12. Qxa8 Bxd6 13. Bxd6 Qxd6 14. Nf3
Qe6+ 15. Be2 Ke7 16. O-O Rc8 17. Qb7+ Kd8 18. Rfe1 Nc6 19. Bd3 Rc7 20. Qxc7+
Kxc7 21. Rxe6 Bxd3 22. Rxc6+ Kxc6 23. Ne5+ Kd6 24. Nxd3 Ke6 25. Re1+ Kf5 26.
Nxc5 g5 27. Re4 g4 28. g3 h5 29. Kg2 h4 30. gxh4 f6 31. Kg3 a6 32. Ne2 a5 33.
Nd4+ Kg6 34. Rxg4+ Kh5 35. Kf4 a4 36. Rg8 Kxh4 37. Rh8# 1-0

[Event "GLT-1001"]
[Site "http://www.queenalice.com/game.php?id=851627"]
[Date "2010.10.28"]
[Round "-"]
[White "naerciof"]
[Black "akiba_fall"]
[Result "0-1"]
[WhiteElo "1182"]
[BlackElo "1340"]

1. e4 e5 2. Nf3 f6 3. Bc4 Ne7 4. c3 d5 5. Bb3 dxe4 6. Nh4 g5 7. Bc4 gxh4 8. d4
exd4 9. Bb5+ c6 10. Ba4 b5 11. Bb3 d3 12. Qh5+ Ng6 13. f4 f5 14. c4 Bb4+ 15. Kf2
Qb6+ 16. c5 Qxc5+ 17. Be3 Qd6 18. Rc1 d2 19. Nxd2 Bxd2 20. Bc5 Qd3 21. Re1 e3+
22. Rxe3+ Bxe3+ 23. Kf3 Bd4# 0-1

[Event "GLT-1002"]
[Site "http://www.queenalice.com/game.php?id=851628"]
[Date "2010.10.28"]
[Round "-"]
[White "naerciof"]
[Black "Atto"]
[Result "0-1"]
[WhiteElo "1246"]
[BlackElo "1066"]

1. d4 d5 2. Qd3 Nc6 3. Qa3 e6 4. Qe3 Nf6 5. Bd2 Bd6 6. a4 Ng4 7. Qf3 e5 8. e3 e4
9. Qe2 Qf6 10. h3 Nxd4 11. Qd1 Nxf2 12. Qh5 Nxh1 13. Bc3 Qf2+ 14. Kd1 Qxf1+ 15.
Kd2 Qxg2+ 16. Kd1 Qxc2+ 17. Ke1 Bg3+ 18. Kf1 Qf2# 0-1

[Event "GLT-1006"]
[Site "http://www.queenalice.com/game.php?id=851630"]
[Date "2010.10.28"]
[Round "-"]
[White "naerciof"]
[Black "gustavobelczak"]
[Result "0-1"]
[WhiteElo "1100"]
[BlackElo "1434"]

1. h4 e5 2. Rh3 d6 3. e4 Bxh3 4. Nxh3 Nf6 5. Bb5+ c6 6. Ba4 Nxe4 7. Qe2 d5 8. d3
Qa5+ 9. Nc3 Nxc3 10. bxc3 Qxc3+ 11. Kd1 Qxa1 12. Qh5 Be7 13. Ng5 Bxg5 14. Qxg5
O-O 15. Qe7 Na6 16. Qxb7 Rab8 17. Qxa6 Rb1 18. Qxc6 Rxc1+ 19. Kd2 Rd1+ 20. Ke3
Qc1+ 21. Kf3 Qf4+ 22. Ke2 Rd2+ 23. Ke1 Qxf2# 0-1

[Event "GLT-1007"]
[Site "http://www.queenalice.com/game.php?id=851631"]
[Date "2010.10.28"]
[Round "-"]
[White "naerciof"]
[Black "lichs_i"]
[Result "0-1"]
[WhiteElo "1118"]
[BlackElo "1519"]

1. a4 d5 2. Ra3 e6 3. h4 Bxa3 4. bxa3 Nf6 5. e4 Ng4 6. d4 Nf6 7. c3 Nxe4 8. f3
Ng3 9. Bb5+ c6 10. Bd3 Nxh1 11. Bg5 Qd6 12. a5 Qg3+ 13. Kd2 Qxg2+ 14. Ne2 Nf2
15. Qg1 Qxg1 16. Nxg1 f6 17. Bf4 O-O 18. Bd6 Rd8 19. Be7 Rd7 20. Nh3 Nxh3 0-1

[Event "GLT-1008"]
[Site "http://www.queenalice.com/game.php?id=851638"]
[Date "2010.10.28"]
[Round "-"]
[White "naerciof"]
[Black "farrapo"]
[Result "1-0"]
[WhiteElo "1158"]
[BlackElo "831"]

1. a4 h5 2. h4 a5 3. Nf3 b6 4. Ra3 Rh6 5. Ng5 f6 6. e3 fxg5 7. Bc4 gxh4 8. Qf3
Nf6 9. b3 Nc6 10. d4 Nb4 11. e4 Nxc2+ 12. Kd1 Nxd4 13. Qd3 c5 14. e5 Ng4 15.
Bxh6 Nxf2+ 16. Kd2 Nxd3 17. Bxd3 gxh6 18. Bg6# 1-0

[Event "GLT-1009"]
[Site "http://www.queenalice.com/game.php?id=851639"]
[Date "2010.10.28"]
[Round "-"]
[White "naerciof"]
[Black "z3r0vulc4n"]
[Result "0-1"]
[WhiteElo "1254"]
[BlackElo "1601"]

1. Nc3 e5 2. Ne4 d5 3. Ng3 Nf6 4. c4 dxc4 5. Qa4+ Bd7 6. Qxc4 Nc6 7. Nh5 Nxh5 8.
e4 Nf4 9. g3 Ng6 10. b3 Be6 11. Qb5 Rb8 12. Be2 Bd7 13. Bh5 Nd4 14. Qc4 Bc6 15.
Nh3 Bxe4 16. d3 Bxh1 17. Bg5 Nf3+ 18. Bxf3 Qd7 19. Bxh1 Qxh3 20. Qxc7 Rc8 21.
Qxb7 Be7 22. Bc6+ Kf8 23. Bd7 Bxg5 24. Bxh3 Rd8 25. Rc1 Bxc1 26. f4 Be3 27. Qc7
Bb6 28. Qc6 exf4 29. a4 Ne5 30. Qe4 Nxd3+ 31. Kf1 fxg3 32. hxg3 h5 33. Qf5 Rh6
34. a5 Rf6 35. axb6 Rxf5+ 36. Bxf5 axb6 37. Ke2 Nc1+ 38. Ke3 Nxb3 39. Ke4 g6 40.
Bh3 Nc5+ 41. Ke5 b5 42. Bf1 b4 43. Bc4 b3 44. Bxb3 Nxb3 45. Kf6 Rd5 46. g4 h4
47. g5 Rf5# 0-1

[Event "GLT-1012"]
[Site "http://www.queenalice.com/game.php?id=851640"]
[Date "2010.10.28"]
[Round "-"]
[White "naerciof"]
[Black "vininetto"]
[Result "0-1"]
[WhiteElo "1100"]
[BlackElo "1968"]

1. Nh3 d5 2. Ng5 e5 3. Nxf7 Kxf7 4. e4 Nf6 5. b4 Bxb4 6. Bb2 Nc6 7. exd5 Nxd5 8.
Bxe5 Nxe5 9. Bc4 Nxc4 10. Qh5+ g6 11. Qh6 Qe7+ 12. Kf1 Bf5 13. h3 Rae8 14. c3
Qe1# 0-1

[Event "GLT-1005"]
[Site "http://www.queenalice.com/game.php?id=853887"]
[Date "2010.11.2"]
[Round "-"]
[White "naerciof"]
[Black "edulemes"]
[Result "0-1"]
[WhiteElo "1100"]
[BlackElo "1801"]

1. d4 d5 2. e4 dxe4 3. Qh5 Nf6 4. Qg5 Qxd4 5. Bb5+ c6 6. Bd3 exd3 7. Nf3 Qb4+ 8.
c3 d2+ 9. Nfxd2 Qb6 10. Kd1 h6 11. Qe5 Ng4 12. Qf4 Nxf2+ 13. Ke1 Nxh1 14. Nc4
Qb5 15. Qc7 Na6 16. Qf4 Qd5 17. Ne3 Qh5 18. Bd2 Nc5 19. Na3 Nd3+ 20. Kf1 Nxf4
21. Nac4 Qe2+ 22. Kg1 Bh3 23. Re1 Qf2+ 24. Kxh1 Bxg2+ 25. Nxg2 Qxg2# 0-1

[Event "GLT-6010"]
[Site "http://www.queenalice.com/game.php?id=859427"]
[Date "2010.11.16"]
[Round "-"]
[White "gustavobelczak"]
[Black "naerciof"]
[Result "1-0"]
[WhiteElo "1464"]
[BlackElo "1165"]

1. e4 Nc6 2. d4 Nf6 3. e5 Ne4 4. Qf3 Nd6 5. exd6 Nxd4 6. Qe4 c5 7. c3 Qa5 8.
dxe7 f5 9. exf8=Q+ Kxf8 10. Qd3 Kf7 11. Bd2 Re8+ 12. Be2 d6 13. cxd4 Qa4 14. b3
Qc6 15. Nf3 c4 16. bxc4 f4 17. Bxf4 Qb6 18. O-O Qb2 19. Nbd2 b6 20. Ne4 Bf5 21.
Nxd6+ Kf6 22. Qxf5+ Ke7 23. Qf7+ Kd8 24. Nxe8 Qxe2 25. Rae1 Qxa2 26. Qc7# 1-0

[Event "GLT-5010"]
[Site "http://www.queenalice.com/game.php?id=863321"]
[Date "2010.11.24"]
[Round "-"]
[White "edulemes"]
[Black "naerciof"]
[Result "1-0"]
[WhiteElo "1921"]
[BlackElo "1157"]

1. d4 c5 2. dxc5 Qa5+ 3. Nc3 Nf6 4. Qd4 e5 5. Qxe5+ Be7 6. Bd2 d6 7. Qg5 Bg4 8.
Nd5 Nc6 9. Bxa5 Nxa5 10. Nc7+ Kd7 11. Nxa8 Rxa8 12. O-O-O Rc8 13. Nf3 Rxc5 14.
Ne5+ Rxe5 15. Qxe5 Nc4 16. Qb5+ Ke6 17. Qxc4+ Kd7 18. Qxf7 Nd5 19. Qxd5 Be6 20.
Qxb7+ Kd8 21. Qb8+ Kd7 22. Qxa7+ 1-0

[Event "Challenge"]
[Site "http://www.queenalice.com/game.php?id=866992"]
[Date "2010.12.3"]
[Round "-"]
[White "Einstein"]
[Black "naerciof"]
[Result "1-0"]
[WhiteElo "1793"]
[BlackElo "1165"]

1. d4 Nf6 2. Nc3 c5 3. d5 e5 4. e4 c4 5. Bxc4 Nxe4 6. Nxe4 Bb4+ 7. Bd2 Ba5 8.
Nd6+ Ke7 9. Nxc8+ Qxc8 10. d6+ Kxd6 11. Bb4+ Kc6 12. Qd6# 1-0

[Event "Challenge"]
[Site "http://www.queenalice.com/game.php?id=866993"]
[Date "2010.12.3"]
[Round "-"]
[White "naerciof"]
[Black "Einstein"]
[Result "0-1"]
[WhiteElo "1157"]
[BlackElo "1857"]

1. e4 c5 2. Bb5 e5 3. d4 Qa5+ 4. Bd2 Qxb5 5. Qe2 Qxb2 6. Bc3 Qc1+ 7. Qd1 Qg5 8.
Bd2 Qxg2 9. Ke2 Qxh1 10. Nc3 cxd4 11. Nb5 Qxe4+ 12. Kf1 Na6 13. Rb1 d5 0-1